5HLuxD.jpg

KING HENRY VIII SENIOR AND PRIMARY SCHOOL LIBRARY OPAC

I Love Christmas (Record no. 6109)

000 -LEADER
fixed length control field 00603nam a22001937a 4500
005 - DATE AND TIME OF LATEST TRANSACTION
control field 20260223155508.0
008 - FIXED-LENGTH DATA ELEMENTS--GENERAL INFORMATION
fixed length control field 260212b ||||| |||| 00| 0 eng d
020 ## - INTERNATIONAL STANDARD BOOK NUMBER
International Standard Book Number 9781741697964
040 ## - CATALOGING SOURCE
Transcribing agency KH8
082 ## - DEWEY DECIMAL CLASSIFICATION NUMBER
Classification number 823.92
100 ## - MAIN ENTRY--PERSONAL NAME
Personal name Walker,Anna
Relator term Author
245 ## - TITLE STATEMENT
Title I Love Christmas
260 ## - PUBLICATION, DISTRIBUTION, ETC.
Place of publication, distribution, etc. 345 Pacific Highway Lindfield NSW 2070
Name of publisher, distributor, etc. Scholastic Press
Date of publication, distribution, etc. 2012
300 ## - PHYSICAL DESCRIPTION
Extent 20 pages
Other physical details Colour illustration
Dimensions 26cm x 26cm
520 ## - SUMMARY, ETC.
Summary, etc. An entertaining book for children or teachers to read during Christmas season.
650 ## - SUBJECT ADDED ENTRY--TOPICAL TERM
Topical term or geographic name entry element Juvenile Fiction
Form subdivision Christmas
655 ## - INDEX TERM--GENRE/FORM
Genre/form data or focus term Festive
942 ## - ADDED ENTRY ELEMENTS (KOHA)
Source of classification or shelving scheme
Koha item type Books - Fiction
Holdings
Withdrawn status Lost status Source of classification or shelving scheme Damaged status Not for loan Collection code Permanent Location Current Location Shelving location Date acquired Total Checkouts Full call number Barcode Date last seen Date last checked out Price effective from Koha item type Public note
          Fiction KH8 Primary School Library KH8 Primary School Library Fiction 2026-02-12 2 823.92 WAL KHPL000008304 2026-04-15 2026-04-07 2026-02-12 Books - Fiction PRIMARY LIBRARY

Powered By KH8 IT Dept